000 01242cam a2200373 a 4500
001 5926
003 FISKH
005 20250826105309.0
008 990223s1999 nyua b 000 1 eng
010 _a 99020216
020 _a0439099536
020 _a9780439693264
040 _aDLC
_cDLC
_dDLC
_beng
042 _alcac
050 _aPZ7.O165 B
082 _a 509
100 1 _aOchiltree, Dianne.
_d(1953-)
245 1 0 _aBart's amazing charts /
_cby Dianne Ochiltree ; illustrated by Martin Lemelman ; math activities by Marilyn Burns.
250 _aThis edition first published in 1999
260 _aNew York :
_bScholastic,
_c1999.
300 _a29 unnumbered pages :
_bcolor illustrations ;
_c23 cm.
440 0 _aHello reader! Math.
_nLevel 3
505 _aN
520 _aA young boy uses different kinds of charts and graphs to present information about his life. Includes related activities.
521 8 _a550
_bLexile
521 8 _aN
_bRaz-Plus
650 1 _aGraphic methods
_vFiction.
650 1 _aLiving math
_vGraphing
700 1 _aLemelman, Martin,
_eillustrator
700 1 _aBurns, Marilyn,
_d1941-
906 _a7
_bcbc
_corignew
_d1
_eocip
_f19
_gy-gencatlg
942 _2ddc
_cBK
_n0
999 _c5926
_d5926